01981 a2200217 45000010006000000050017000060080041000230030015000640400040000790800038001192450110001570200022002672640049002893000026003385051233003640410008015971000022016057000020016277000019016478560097016664073220260407155702.0260407a2010 arg spa dAR-UNSa-BCEJYS aAR-UNSa-BCEJYSbspacAR-UNSa-BCEJYS a336.71xBancos. Sistema bancario 10aChallenges in central bankingpthe current institutional environment and forces affecting monetary policy a978-0-521-19929-2 1aNew York :bCambridge University Pressc2010 axviii, 398 p.c23 cm. a1. The state of play in central banking and the challenges to come / Pierre L. Siklos, Martin T. Bohl and Mark E. Wohar - 2. Is the time ripe for price level path stability? / Vitor Gaspar, Frank Smets and David Vestin - 3. The principal-agent approach to monetary policy delegation / Georgios E. Chortareas and Stephen M. Miller - 4. Implementing monetary policy in the 2000s : operating procedures in Asia and beyond / Corrinne Ho - 5. Analysis of financial stability / Charles A.E. Goodhart and Dimitri P. Tsomocos - 6. National central banks in a multi-national system / David G. Mayes and Geoffrey E. Wood - 7. The complex relationship between central bank independence and inflation / Bernd Hayo and Carsten Hefeker - 8. Independence and accountability in supervision : comparing central banks and financial authorities / Donato Masciandaro, Marc Quintyn and Michael W. Taylor - 9. The economic impact of central bank transparency : a survey / Carin van der Cruijsen and Sylvester C.W. Eijffinger - 10. How central banks take decisions : an analysis of monetary policy meetings / Philip Maier - 11. Institutional rules and the conduct of monetary policy : does a central bank need governing principles? / Pierre L. Siklos. aspa1 aSiklos, Pierre L.1 aBohl, Martin T.1 aWohar, Mark E.41uhttps://biblioeco.unsa.edu.ar/pmb/images/libros/L126242_1.jpgyImagen de portadaqimage/jpeg